| 000 | 00613nam a2200253Ia 4500 | ||
|---|---|---|---|
| 008 | 170711s9999 xx 000 0 und d | ||
| 020 | _a9780892968275 | ||
| 050 | _a248.4 | ||
| 050 | _bM612 2007 | ||
| 100 | _aMeyer, Joyce | ||
| 245 | _aI dare you : | ||
| 245 | _bembrace life with passion / | ||
| 245 | _cby Joyce Meyer. | ||
| 260 | _aNew York : | ||
| 260 | _bFaith Words, | ||
| 260 | _c2007 | ||
| 300 | _axii, 295 pages : | ||
| 300 | _billustrations ; | ||
| 300 | _c17cm. | ||
| 650 | _aChristian life. | ||
| 650 | _aReligion -- | ||
| 650 | _xChristian life -- General. | ||
| 700 | _aTitle. | ||
| 999 |
_c339958 _d339958 |
||